Statistics for World Capitals further South than all their Countries' Tripoints

Click here to take the quiz!

General Stats

  • This quiz has been taken 28 times
  • The average score is 17 of 34

Answer Stats

#Capital% Correct
3Athens
90%
4Buenos Aires
86%
1Q{uito}
86%
2Santiago
86%
2Madrid
81%
1M{ontevideo}
81%
3Rome
81%
1P{yongyang}
71%
2Bangkok
67%
2Phnom Penh
62%
1S{anaa}
62%
1S{an Salvador}
62%
2Helsinki
52%
2Oslo
52%
1S{tockholm}
52%
1B{elmopan}
48%
2Monrovia
48%
2Accra
43%
2Lome
43%
4Naypyidaw
43%
3Abuja
38%
1B{issau}
38%
3Porto-Novo
38%
2Jerusalem
33%
1T{egucigalpa}
33%
4Yamoussoukro
33%
3Amman
29%
2Mogadishu
24%
2Ulaanbaatar
24%
2Kathmandu
19%
2Libreville
19%
4Podgorica
19%
4Nairobi
14%
3Ljubljana
5%

Score Distribution

Percentile by Number Answered

Percent of People with Each Score

Your Score History

You have not taken this quiz